Etudes du sol acide et ses composants dans la region de kraol kou (province de svayrieng), កាសិក្សាអំពីជីអាស៊ីត និងសមាសធាតុផ្សំរបស់វានៅក្នុងភូមិក្រោលគោ ខេត្តស្វាយរៀង (Record no. 1521)

000 -LEADER
fixed length control field 00675nam a22001577a 4500
003 - CONTROL NUMBER IDENTIFIER
control field OSt
005 - DATE AND TIME OF LATEST TRANSACTION
control field 20150930150152.0
008 - FIXED-LENGTH DATA ELEMENTS--GENERAL INFORMATION
fixed length control field 150930b xxu||||| |||| 00| 0 eng d
040 ## - CATALOGING SOURCE
Transcribing agency RUA
082 ## - DEWEY DECIMAL CLASSIFICATION NUMBER
Classification number AGR SOU 2008 B063 Or.1
100 ## - MAIN ENTRY--PERSONAL NAME
9 (RLIN) 1612
Personal name SOUN, SUNTHAN.
245 ## - TITLE STATEMENT
Title Etudes du sol acide et ses composants dans la region de kraol kou (province de svayrieng), កាសិក្សាអំពីជីអាស៊ីត និងសមាសធាតុផ្សំរបស់វានៅក្នុងភូមិក្រោលគោ ខេត្តស្វាយរៀង
260 ## - PUBLICATION, DISTRIBUTION, ETC. (IMPRINT)
Place of publication, distribution, etc. Phnom Penh
Name of publisher, distributor, etc. RUA
Date of publication, distribution, etc. 2008
300 ## - PHYSICAL DESCRIPTION
Extent vii; 38p.
Other physical details ill.
Dimensions 29cm.
942 ## - ADDED ENTRY ELEMENTS (KOHA)
Source of classification or shelving scheme
Koha item type AGR
Holdings
Price effective from Date last seen Permanent Location Not for loan Date acquired Source of classification or shelving scheme Koha item type Barcode Lost status Damaged status Shelving location Withdrawn status Current Location Full call number
2015-09-302015-09-30Library Block B 2015-09-30 AGRRUA009779  B063 Library Block BAGR SOU 2008 B063 Or.1
2015-09-302015-09-30Library Block B 2015-09-30 AGRRUA009851  B063 Library Block BAGR SOU 2008 B063 Or.2
2015-09-302015-09-30Library Block B 2015-09-30 AGRRUA009923  B063 Library Block BAGR SOU 2008 B063 Or.3
2015-09-302015-09-30Library Block B 2015-09-30 AGRRUA009995  B063 Library Block BAGR SOU 2008 B063 Or.4
2015-09-302015-09-30Library Block B 2015-09-30 AGRRUA009857  B063 Library Block BAGR SOU 2008 B063 Or.5
2015-09-302015-09-30Library Block B 2015-09-30 AGRRUA009785  B063 Library Block BAGR SOU 2008 B063 Or.6
2015-09-302015-09-30Library Block B 2015-09-30 AGRRUA009365  B063 Library Block BAGR SOU 2008 B063 Or.7
2015-09-302015-09-30Library Block B 2015-09-30 AGRRUA009786  B063 Library Block BAGR SOU 2008 B063 Or.8
មជ្ឈមណ្ឌលឯការនៃសាកលវិទ្យាល័យភូមិន្ទកសិកម្មចំការដូង

Powered by Koha